Anuario de Estudios Centroamericanos

محفوظ في:

التنسيق: دورية

اللغة: Undetermined

منشور في: JSTOR
Universidad de Costa Rica

الموضوعات:

الوصول للمادة أونلاين: Login to view Source

الوسوم: إضافة وسم

لا توجد وسوم, كن أول من يضع وسما على هذه التسجيلة!

رقم الطلب:

LEADER 00547nas a2200181Ia 4500
008 220214c99999999xx |||||||||||| ||und||
022 |a 0377-7316 
022 |a 2215-4175 
245 0 0 |a Anuario de Estudios Centroamericanos 
264 1 |b JSTOR 
264 1 |b Universidad de Costa Rica 
362 0 |a (1974)-43 (2017) 
653 1 0 |a History 
653 1 0 |a Latin American Studies 
856 4 0 |u https://www.jstor.org/journal/anuaestucent 
942 |c JL 
952 |0 0  |1 0  |4 0  |7 1  |9 33955  |a JSR  |b JSR  |d 2022-02-14  |l 0  |r 2022-02-14 00:00:00  |w 2022-02-14  |y JL 
999 |c 42289  |d 42289